Keep your finger on the pulse (Record no. 83221)

MARC details
000 -LEADER
fixed length control field 01170cab a22001935a 4500
001 - CONTROL NUMBER
control field L153189
008 - FIXED-LENGTH DATA ELEMENTS--GENERAL INFORMATION
fixed length control field 110621e20110611xxk 000 0 eng d
035 ## - SYSTEM CONTROL NUMBER
System control number (Sirsi) u153189
041 0# - LANGUAGE CODE
Language code of text/sound track or separate title eng
110 2# - MAIN ENTRY--CORPORATE NAME
Corporate name or jurisdiction name as entry element Heap, Joel
9 (RLIN) 5955
245 00 - TITLE STATEMENT
Title Keep your finger on the pulse
260 ## - PUBLICATION, DISTRIBUTION, ETC.
Date of publication, distribution, etc. 2011
490 ## - SERIES STATEMENT
Series statement Estates Gazette
Volume/sequential designation (1123) 11 June 2011, 80(1)
520 ## - SUMMARY, ETC.
Summary, etc. Explains why 2011 may be the deadline for many property investors to issue negligence claims which are currently increasing due to the economic downturn. As a general rule an action for breach of contract can be brought at any time prior to the expiry of the six years from the date on which the cause of action accrued. One of the important specific exceptions to this is that a claimant must have had actual knowledge of the fact that they have a claim so if a purchase took place in 2001 and the buyer did not find out about an issue with the purchase price until they tried to sell the property in 2008 the time allowed for issuing proceedings will expire some time in 2011.
590 ## - LOCAL NOTE (RLIN)
Local note KA
651 #4 - SUBJECT ADDED ENTRY--GEOGRAPHIC NAME
Geographic name England and Wales
Chronological subdivision 1543-
690 ## - LOCAL SUBJECT ADDED ENTRY--TOPICAL TERM (OCLC, RLIN)
Topical term or geographic name as entry element PROPERTY-PROPERTY FINANCE AND INVESTMENT
942 ## - ADDED ENTRY ELEMENTS (KOHA)
Suppress in OPAC 0
Holdings
Withdrawn status Lost status Source of classification or shelving scheme Damaged status Not for loan Home library Current library Shelving location Date acquired Total Checkouts Full call number Barcode Date last seen Copy number Price effective from Koha item type
    Dewey Decimal Classification     London London Journal article 21/06/2011   L153189 153189-1001 06/08/2019 1 06/08/2019 Journal article